| 000 | 00902cam a22002411 4500 | ||
|---|---|---|---|
| 001 | l 33000102 | ||
| 003 | DLC | ||
| 005 | 20260227111534.0 | ||
| 008 | 790712s1933 sz 000 0 eng c | ||
| 010 | _al 33000102 | ||
| 035 | _a(OCoLC)5164607 | ||
| 040 |
_aU.S. Dept. of Labor. Library _cOCl _dDLC |
||
| 042 | _apremarc | ||
| 050 | 0 | 0 |
_aHD4906 _b.I584 |
| 110 | 2 | _aInternational Labour Office | |
| 245 | 1 | 0 |
_aReduction of hours of work; _breport of the Tripartite preparatory conference. _cFifth item on the agenda. |
| 260 |
_aGeneva, _bInternational labour office, _c1933. |
||
| 300 |
_a2 p. l., 212 p. _c24 cm. |
||
| 500 | _aAt head of title: Report V. International labour conference. Seventeenth session. Geneva, 1933. | ||
| 650 | 0 | _aHours of labor. | |
| 650 | 0 | _aLabor laws and legislation, International. | |
| 711 | 2 |
_aTripartite preparatory conference on hours of labor _d(1933 : _cGeneva) |
|
| 999 |
_c36101 _d36101 |
||